UITU Library & LRC     

Managing Career Transitions: your career as a work in progrss (Record no. 5330)

MARC details
000 -LEADER
fixed length control field 00504nam a2200181Ia 4500
008 - FIXED-LENGTH DATA ELEMENTS--GENERAL INFORMATION
fixed length control field 240925s9999 xx 000 0 und d
020 ## - INTERNATIONAL STANDARD BOOK NUMBER
International Standard Book Number 013776782x
082 ## - DEWEY DECIMAL CLASSIFICATION NUMBER
Classification number 650.14 HAY
100 ## - MAIN ENTRY--PERSONAL NAME
Personal name Hayes ,Kit Harrington
245 #0 - TITLE STATEMENT
Title Managing Career Transitions: your career as a work in progrss
250 ## - EDITION STATEMENT
Edition statement NA
260 ## - PUBLICATION, DISTRIBUTION, ETC.
Place of publication, distribution, etc. New Jersey:
Name of publisher, distributor, etc. Printice- Hall Int.
Date of publication, distribution, etc. ,1996.
300 ## - PHYSICAL DESCRIPTION
Extent xvi,1026p.
Other physical details NA
Type of unit Original
500 ## - GENERAL NOTE
General note Includes Index
600 ## - SUBJECT ADDED ENTRY--PERSONAL NAME
Personal name Social Sciences
650 ## - SUBJECT ADDED ENTRY--TOPICAL TERM
Topical term or geographic name entry element Management
942 ## - ADDED ENTRY ELEMENTS (KOHA)
Koha item type Books
Holdings
Withdrawn status Lost status Damaged status Not for loan Collection Home library Current library Date acquired Source of acquisition Total checkouts Full call number Barcode Date last seen Price effective from Koha item type
        Social Sciences UITU Library UITU Library 08/16/2000 NA   650.14 HAY Q2831 09/25/2024 09/25/2024 Books

Powered by Koha